000 00666nam a2200289Ia 4500
005 20260324143037.0
008 008 260324s9999 xx 000 0 eng d
020 _a9780203978351
037 _aEBOOK
040 _aCRL
040 _beng
040 _cCRL
041 _2eng
041 _aeng
084 _qCRL
100 _aAndrew Benjamin
_91119201
245 4 _aThe Plural Event
245 0 _bDescartes, Hegel, Heidegger
260 _bTaylor and Francis
260 _c1993
365 _a
365 _b51.99
856 _uhttp://www.taylorfrancis.com/books/9780203978351
942 _cEBOOK
999 _c1819114
_d1819114